<?xml version="1.0" encoding="UTF-8"?>
<marc:record xmlns:marc="http://www.loc.gov/MARC21/slim">
   <marc:leader>00000nam a2200000 a 4500</marc:leader>
   <marc:datafield ind1=" " ind2=" " tag="653">
      <marc:subfield code="a">DVD-Video</marc:subfield>
   </marc:datafield>
   <marc:datafield ind1=" " ind2=" " tag="653">
      <marc:subfield code="a">Homosexualität</marc:subfield>
   </marc:datafield>
   <marc:datafield ind1=" " ind2=" " tag="653">
      <marc:subfield code="a">Biographisches (DVD)</marc:subfield>
   </marc:datafield>
   <marc:datafield ind1="0" ind2="0" tag="245">
      <marc:subfield code="a">Tom of Finland </marc:subfield>
   </marc:datafield>
   <marc:datafield ind1="0" ind2="0" tag="245">
      <marc:subfield code="b">Love Courage Freedom</marc:subfield>
   </marc:datafield>
   <marc:datafield ind1="0" ind2="0" tag="245">
      <marc:subfield code="c">Regie: Dome Karukoski</marc:subfield>
   </marc:datafield>
   <marc:datafield ind1=" " ind2="1" tag="264">
      <marc:subfield code="a">München</marc:subfield>
      <marc:subfield code="b">Sony Pictures Home Entertainment</marc:subfield>
      <marc:subfield code="c">2018</marc:subfield>
   </marc:datafield>
   <marc:datafield ind1="1" ind2=" " tag="520">
      <marc:subfield code="a">Darsteller: Pekka Strang, Lauri Tilkanen, Jessica Grabowsky, Taisto Oksanen, Seumas F. Sargent in einem Film von Dome Karukoski
Komponist: Lasse Enersen, Hildur Guðnadóttir
Jeder kennt die ikonische, stilbildende Kunst von TOM OF FINLAND, doch kaum einer die Geschichte des Mannes dahinter: Zurückgekehrt von der Front des 2. Weltkriegs erweist sich für Touko Laaksonen (Pekka Strang) das Leben im Frieden ebenso als Krieg. Im Finnland der 1950er Jahre kann er als Homosexueller weder lieben, wen er will, noch sich selbst verwirklichen. Immer der Gefahr einer strafrechtlichen Verfolgung ausgesetzt, die mit Schwulen rigoros umgeht, findet Touko Zuflucht im Zeichnen homoerotischer Bilder. Unter dem Pseudonym Tom of Finland tritt seine Kunst schließlich einen Siegeszug an. Der Künstler entfacht damit nicht nur die „Gay Revolution“, sondern wird auch zur Symbolfigur einer ganzen Generation junger Männer. </marc:subfield>
   </marc:datafield>
   <marc:datafield ind1="3" ind2=" " tag="024">
      <marc:subfield code="a">4030521751934</marc:subfield>
   </marc:datafield>
   <marc:datafield ind1=" " ind2=" " tag="500">
      <marc:subfield code="a">Sprachen: Deutsch; Finnisch/Englisch</marc:subfield>
   </marc:datafield>
   <marc:datafield ind1="0" ind2=" " tag="490">
      <marc:subfield code="v">0</marc:subfield>
   </marc:datafield>
   <marc:datafield ind1=" " ind2=" " tag="300">
      <marc:subfield code="a">DVD (111 Min.)</marc:subfield>
   </marc:datafield>
</marc:record>
